[Event "Titled Tuesday intern op 01st Sept"]
[Site "Chess.com INT"]
[Date "2020.09.01"]
[Round "8"]
[White "Tomaszewski, Roman"]
[Black "Funderburg, John T"]
[Result "0-1"]
[WhiteElo "2206"]
[BlackElo "2100"]
[PlyCount "104"]
[EventDate "2020.09.01"]
[EventType "swiss (blitz)"]
[EventRounds "10"]
[EventCountry "USA"]
[SourceTitle "CBM 198 Extra"]
[Source "ChessBase"]
[SourceDate "2020.11.30"]
[SourceVersion "1"]
[SourceVersionDate "2020.11.30"]
[SourceQuality "1"]

1. c4 e5 2. Nc3 Nf6 3. Nf3 Nc6 4. e3 d6 5. d4 Be7 6. dxe5 dxe5 7. Qxd8+ Bxd8 8. b3 Nb4 9. Kd2 Bf5 10. Ne1 Be7 11. f3 0-0-0+ 12. Ke2 e4 13. h3 exf3+ 14. gxf3 Nh5 15. Kf2 Bh4+ 16. Kg2 Bxe1 17. Nd5 Nxd5 18. cxd5 Bc3 19. e4 Bxa1 20. exf5 Rxd5 21. Bc4 Rxf5 22. f4 Bd4 23. Kf3 c5 24. b4 Re8 25. Bd3 Rf6 26. f5 g6 27. Bg5 Rd6 28. bxc5 Bxc5 29. Be4 Nf6 30. Bxf6 Rxf6 31. Rc1 b6 32. Rc3 gxf5 33. Bc2 f4 34. Kg4 Re3 35. Rc4 Rg3+ 36. Kh5 f3 37. Bd3 f2 38. Bf1 Rg1 39. Be2 f1Q 40. Bxf1 Rgxf1 41. Rg4 R1f5+ 42. Rg5 Rxg5+ 43. Kxg5 Rf2 44. Kg4 Rxa2 45. h4 Ra4+ 46. Kf5 Rd4 47. Ke5 a5 48. Kf5 a4 49. Ke5 a3 50. Kf5 a2 51. Ke5 a1Q 52. Kf5 Qf1+ 0-1

[Event "Titled Tuesday intern op 01st Sept"]
[Site "Chess.com INT"]
[Date "2020.09.01"]
[Round "2"]
[White "Tomaszewski, Roman"]
[Black "Horak, Martin"]
[Result "1-0"]
[WhiteElo "2206"]
[BlackElo "2341"]
[PlyCount "137"]
[EventDate "2020.09.01"]
[EventType "swiss (blitz)"]
[EventRounds "10"]
[EventCountry "USA"]
[SourceTitle "CBM 198 Extra"]
[Source "ChessBase"]
[SourceDate "2020.11.30"]
[SourceVersion "1"]
[SourceVersionDate "2020.11.30"]
[SourceQuality "1"]

1. c4 b6 2. Nc3 Bb7 3. e4 c5 4. g3 g6 5. Bg2 Bg7 6. Nge2 d6 7. d3 Nc6 8. 0-0 Nf6 9. h3 Nd7 10. Be3 Nf8 11. f4 Ne6 12. Kh2 Ned4 13. Nb5 Nxe2 14. Qxe2 a6 15. Nc3 Nd4 16. Qd2 0-0 17. Ne2 Nxe2 18. Qxe2 e6 19. Rad1 f5 20. exf5 Bxg2 21. Qxg2 gxf5 22. d4 Qc7 23. b3 Kh8 24. Rd2 Bf6 25. Rfd1 Rg8 26. dxc5 dxc5 27. Rd7 Qc8 28. Qb7 Rg7 29. Qxc8+ Rxc8 30. Rxg7 Bxg7 31. Rd6 b5 32. Rxe6 bxc4 33. bxc4 Rd8 34. Bxc5 Rc8 35. Bd6 Bd4 36. Be5+ Bxe5 37. Rxe5 Rxc4 38. h4 Rc2+ 39. Kh3 Rxa2 40. Rxf5 Kg7 41. h5 a5 42. Kg4 Ra3 43. Rb5 a4 44. Kh4 h6 45. Kg4 Rb3 46. Ra5 a3 47. Ra6 Rc3 48. Rg6+ Kh7 49. Ra6 Rb3 50. Kh4 Kg7 51. g4 Rb1 52. g5 Rh1+ 53. Kg4 Rg1+ 54. Kf5 hxg5 55. fxg5 Rf1+ 56. Kg4 Rg1+ 57. Kh4 Rh1+ 58. Kg4 Rg1+ 59. Kf4 Rf1+ 60. Ke4 Rg1 61. g6 Kh6 62. Kf5 Rf1+ 63. Ke6 Kxh5 64. g7 Rg1 65. Kf7 Rf1+ 66. Kg8 Rf3 67. Kh7 Rf7 68. Kh8 a2 69. Rxa2 1-0

[Event "Titled Tuesday intern op 01st Sept"]
[Site "Chess.com INT"]
[Date "2020.09.01"]
[Round "5"]
[White "Tomaszewski, Roman"]
[Black "Manukyan, Sargis V"]
[Result "0-1"]
[WhiteElo "2206"]
[BlackElo "2253"]
[PlyCount "64"]
[EventDate "2020.09.01"]
[EventType "swiss (blitz)"]
[EventRounds "10"]
[EventCountry "USA"]
[SourceTitle "CBM 198 Extra"]
[Source "ChessBase"]
[SourceDate "2020.11.30"]
[SourceVersion "1"]
[SourceVersionDate "2020.11.30"]
[SourceQuality "1"]

1. c4 c5 2. Nc3 Nc6 3. g3 Nf6 4. Bg2 g6 5. e4 Bg7 6. Nge2 0-0 7. 0-0 d6 8. d3 Bg4 9. h3 Bxe2 10. Nxe2 a6 11. Be3 Rc8 12. Rc1 b5 13. b3 Qa5 14. Bd2 Qb6 15. Bc3 Rfd8 16. Ra1 Nd4 17. Nxd4 cxd4 18. Bd2 Nd7 19. Qe1 Nc5 20. Ba5 Qa7 21. Bxd8 Rxd8 22. cxb5 Nxd3 23. Qd2 Nc5 24. bxa6 Qxa6 25. Rfc1 Rb8 26. Rab1 h5 27. h4 Kh7 28. Rc4 Qxc4 29. bxc4 Rxb1+ 30. Kh2 d3 31. Qe3 Bc3 32. Bf3 Re1 0-1

[Event "Titled Tuesday intern op 21st July"]
[Site "Chess.com INT"]
[Date "2020.07.21"]
[Round "1"]
[White "Sengupta, Deep"]
[Black "Tomaszewski, Roman"]
[Result "1/2-1/2"]
[WhiteElo "2527"]
[BlackElo "2206"]
[PlyCount "122"]
[EventDate "2020.07.21"]
[EventType "swiss (blitz)"]
[EventRounds "10"]
[EventCountry "USA"]
[SourceTitle "CBM 197 Extra"]
[Source "ChessBase"]
[SourceDate "2020.09.30"]
[SourceVersion "1"]
[SourceVersionDate "2020.09.30"]
[SourceQuality "1"]

1. d4 d5 2. c4 c6 3. Nf3 Nf6 4. e3 g6 5. Nc3 Bg7 6. Be2 0-0 7. 0-0 Bg4 8. b3 Nbd7 9. Bb2 e6 10. h3 Bxf3 11. Bxf3 Re8 12. e4 dxe4 13. Nxe4 Nxe4 14. Bxe4 e5 15. d5 Nf6 16. Bf3 e4 17. Be2 cxd5 18. cxd5 Nxd5 19. Bxg7 Kxg7 20. Qd4+ Nf6 21. Qb4 Qe7 22. Qa5 b6 23. Qa6 Rad8 24. Rac1 e3 25. f4 Rd2 26. f5 Red8 27. Kh1 Ne4 28. Kg1 Nf2 29. Rc8 R8d4 30. Rc6 Rd6 31. Rxd6 Qxd6 32. Qc4 Qd4 33. Qxd4+ Rxd4 34. fxg6 hxg6 35. Re1 f5 36. h4 f4 37. g3 fxg3 38. Kg2 Ne4 39. Bf3 Rd2+ 40. Kh3 Nf2+ 41. Kxg3 Rd3 42. Be2 Rc3 43. Bc4 Ne4+ 44. Kf4 Nd2 45. Rxe3 Rxe3 46. Kxe3 Nxc4+ 47. bxc4 Kf6 48. Kd4 Ke6 49. a4 a5 50. c5 bxc5+ 51. Kxc5 Kf5 52. Kb5 Kg4 53. Kxa5 Kxh4 54. Kb5 g5 55. a5 g4 56. a6 g3 57. a7 g2 58. a8Q g1Q 59. Qh8+ Kg3 60. Qg7+ Kf2 61. Qxg1+ Kxg1 1/2-1/2

[Event "Titled Tuesday intern op 21st July"]
[Site "Chess.com INT"]
[Date "2020.07.21"]
[Round "7"]
[White "Stojanovski, Sandi"]
[Black "Tomaszewski, Roman"]
[Result "1-0"]
[WhiteElo "2232"]
[BlackElo "2206"]
[PlyCount "97"]
[EventDate "2020.07.21"]
[EventType "swiss (blitz)"]
[EventRounds "10"]
[EventCountry "USA"]
[SourceTitle "CBM 197 Extra"]
[Source "ChessBase"]
[SourceDate "2020.09.30"]
[SourceVersion "1"]
[SourceVersionDate "2020.09.30"]
[SourceQuality "1"]

1. d4 d5 2. c4 c6 3. Nf3 Nf6 4. cxd5 cxd5 5. Nc3 Nc6 6. Bf4 e6 7. e3 Be7 8. Bd3 0-0 9. 0-0 Nh5 10. Be5 f5 11. Rc1 Nf6 12. Bxf6 Bxf6 13. Na4 Qd6 14. g3 Rb8 15. Nc5 b6 16. Na6 Ra8 17. a3 Bb7 18. b4 Rfc8 19. Qa4 Ne7 20. b5 g5 21. Nb4 Rc7 22. Rxc7 Qxc7 23. Na2 Qd7 24. Rc1 a5 25. Nc3 Rc8 26. Qd1 Rc7 27. Na4 Rxc1 28. Qxc1 Qd6 29. Qc3 Nc8 30. Ne5 Qd8 31. f4 gxf4 32. exf4 Bxe5 33. fxe5 Qg5 34. Qe1 f4 35. Kg2 fxg3 36. Qxg3 Qxg3+ 37. Kxg3 Kg7 38. Kf4 Ba8 39. h4 h6 40. Be2 Bb7 41. Bg4 Kf7 42. Bh3 Ke7 43. Kg4 Kf7 44. Kh5 Ke7 45. Kxh6 Kd7 46. Kg7 Kc7 47. h5 Ne7 48. h6 Bc8 49. h7 1-0

[Event "Titled Tuesday intern op 21st July"]
[Site "Chess.com INT"]
[Date "2020.07.21"]
[Round "4"]
[White "Tomaszewski, Roman"]
[Black "Sukovic, Andrej"]
[Result "0-1"]
[WhiteElo "2206"]
[BlackElo "2261"]
[PlyCount "138"]
[EventDate "2020.07.21"]
[EventType "swiss (blitz)"]
[EventRounds "10"]
[EventCountry "USA"]
[SourceTitle "CBM 197 Extra"]
[Source "ChessBase"]
[SourceDate "2020.09.30"]
[SourceVersion "1"]
[SourceVersionDate "2020.09.30"]
[SourceQuality "1"]

1. c4 Nf6 2. Nc3 g6 3. g3 d6 4. Bg2 Bg7 5. e4 0-0 6. Nge2 c5 7. d3 Nc6 8. 0-0 Bg4 9. h3 Bxe2 10. Nxe2 Rb8 11. Rb1 a6 12. b3 b5 13. f4 Nd7 14. Be3 Qa5 15. Qd2 Qxd2 16. Bxd2 Rfc8 17. h4 b4 18. Bh3 Rd8 19. Bxd7 Rxd7 20. Be3 a5 21. Rfd1 Bd4 22. Kf2 e5 23. Bxd4 exd4 24. g4 Ra7 25. Rd2 a4 26. Ke1 axb3 27. axb3 Ra3 28. g5 Kg7 29. Nc1 h6 30. gxh6+ Kxh6 31. Rh2 Kg7 32. Rbb2 Ra1 33. Kd1 Rh8 34. Rbg2 Rh5 35. Rg5 Rh6 36. Rd5 Na5 37. Kc2 Nb7 38. e5 Ra6 39. Kb2 Rh5 40. Ne2 dxe5 41. fxe5 Re6 42. Nf4 Rhxe5 43. Nxe6+ Rxe6 44. h5 Re3 45. Kc2 Re7 46. hxg6 fxg6 47. Rg2 Rc7 48. Rgg5 Kf6 49. Rge5 Rg7 50. Rg5 Nd8 51. Rxc5 Ne6 52. Rgd5 Nxc5 53. Rxc5 g5 54. Kd2 g4 55. Ke2 g3 56. Kf1 g2+ 57. Kg1 Rg3 58. Rb5 Rxd3 59. Rxb4 Rd2 60. c5 Ke5 61. c6 Kd6 62. Rc4 Kc7 63. b4 d3 64. Rd4 Kxc6 65. Rd8 Kb5 66. Rd4 Ka4 67. Kh2 Kb3 68. b5 Kc3 69. Rd5 Rb2 0-1

[Event "Titled Tuesday intern op 14th July"]
[Site "Chess.com INT"]
[Date "2020.07.14"]
[Round "7"]
[White "Tomaszewski, Roman"]
[Black "Ronka, Erik"]
[Result "0-1"]
[WhiteElo "2206"]
[BlackElo "2281"]
[PlyCount "90"]
[EventDate "2020.07.14"]
[EventType "swiss (blitz)"]
[EventRounds "10"]
[EventCountry "USA"]
[SourceTitle "CBM 197 Extra"]
[Source "ChessBase"]
[SourceDate "2020.09.30"]
[SourceVersion "1"]
[SourceVersionDate "2020.09.30"]
[SourceQuality "1"]

1. c4 d6 2. Nc3 e5 3. d4 Nd7 4. Nf3 Ngf6 5. g3 g6 6. Bg2 Bg7 7. 0-0 0-0 8. e4 c6 9. h3 Qa5 10. Bd2 exd4 11. Nxd4 Qb6 12. Nb3 Re8 13. Re1 a5 14. Be3 Qc7 15. Nd4 Nc5 16. Qc2 a4 17. Rab1 Nfd7 18. b4 axb3 19. axb3 Ne5 20. Red1 Ne6 21. Nde2 Nf8 22. f4 Ned7 23. Qd2 Qa5 24. b4 Qa6 25. Qxd6 Qxc4 26. e5 f6 27. Qd3 Qxd3 28. Rxd3 fxe5 29. Ne4 exf4 30. Nxf4 Ne5 31. Rdd1 Bf5 32. Bd4 Nc4 33. Re1 Bxe4 34. Kh2 Bxg2 35. Bxg7 Kxg7 36. Nxg2 Nd6 37. Red1 Nb5 38. Rd2 Rad8 39. Rf2 Ne6 40. Rbf1 Rf8 41. Ne3 Rxf2+ 42. Rxf2 Nbd4 43. Rd2 Nf3+ 44. Kg2 Nxd2 45. Kf2 Ne4+ 0-1